| 000 | 00334nam a22001097a 4500 | ||
|---|---|---|---|
| 008 | 230621b xxu||||| |||| 00| 0 eng d | ||
| 082 |
_a328.3 _bCPA 1994 |
||
| 245 | _a1994 Reports: CPA Executive Committee and CPA General Assembly,Canadaa | ||
| 260 |
_aUK _bCommonwealth Parliamentary Association _c1994 |
||
| 300 | _a87p | ||
| 942 |
_2ddc _cBK |
||
| 999 |
_c2115 _d2115 |
||